| 000 | 00604nam a2200181 i 4500 | ||
|---|---|---|---|
| 001 | 60878 | ||
| 003 | ES-MaACL | ||
| 005 | 20230906164325.0 | ||
| 007 | t| | ||
| 008 | 031107s1942 sp ||||1| spa d | ||
| 100 | 1 |
_aEstella, José ( _d1898-1950) _948095 |
|
| 245 | 1 | 0 |
_aManual de anestesia quirúrgica / _cpor José Estella y Bermúdez de Castro ; prólogo de Vital Aza. |
| 260 |
_aMadrid : _bEditorial Científico-Médica, _c1942 ( _fDiana) |
||
| 300 |
_a320 p. : _bgrab. ; _c25 cm. |
||
| 700 | 1 |
_aAza, Vital, _d1890-1961 _9170049 |
|
| 852 |
_aES-MaACL _jE-792 _bR.19778 |
||
| 999 |
_c60878 _d60878 |
||